000 01230nam a22002657a 4500
005 20170124103140.0
010 _aB-152574
020 _c250.00
_a8190183710
035 _aB-152574
037 _bCen Lib/Ret
040 _aDPL
_bHN
082 _a260.35
_bगुरुना
245 _aगुरु नानक :
_cसंपादक नवजोत सिंह
_bजीवन, दर्शन और शिक्षा /
246 _aGuru Nanak : jivan, darshan aur shiksha /
_bsampadak Navjot Singh
260 _aपंजाब
_bप्रेमनाथ जसवंती देवी प्रतिष्ठान
_c2004
270 _aगावं सिम्बल माजरा पोस्ट नूरपुर बेदी, रोपड़
_bपंजाब
300 _avii,279पृ.
_c21सेमी(सजिल्द)
500 _aअनुक्रमणिका शामिल
650 _aसिख धर्म
_93671
650 _aगुरु नानक--जीवनी
_96720
650 _aSikhism
_93669
650 _aGuru Nanak--Biography
_9112187
700 _aनवजोत सिंह
_9112188
942 _2ddc
_cHN
_h260.35
_mगुरुना
999 _c119518
_d119518